| 000 | 01118cab a2200229 4500 | ||
|---|---|---|---|
| 001 | ABS67618 | ||
| 008 | 040325n2004 000 0 eng u | ||
| 035 | _a(Sirsi) u125587 | ||
| 100 | _aWoolston, H. | ||
| 245 | _aManaging due diligence | ||
| 260 | _c2004 | ||
| 490 |
_aEnvironment Information Bulletin _v(136) March 2004, 12-16(4) |
||
| 520 | _aIncreasingly environmental managers are being asked to carry out Environmental Due Diligence (EDD) exercises, particularly within a tight time-frame. Provides an introduction to EDD to help practitioners better understand their role and responsibilities in the process. EDD is an assessment of an area for potential environmental risks associated with a corporate or property transaction and is normally part of a wider due diligence process into the legal and commercial issues. | ||
| 590 | _aABS | ||
| 650 | _aENVIRONMENTAL DUE DILIGENCE | ||
| 650 | _aDUE DILIGENCE | ||
| 650 | _aENVIRONMENTAL ISSUES | ||
| 650 | _aPROPERTY TRANSACTIONS | ||
| 650 | _aRISK MANAGEMENT | ||
| 690 | _aENVIRONMENTAL AND LAND CONSULTANCY-ENVIRONMENTAL MANAGEMENT | ||
| 942 | _n0 | ||
| 999 |
_c74301 _d74301 |
||